BIBLIOTHÈQUE DE LA MAISON DU MEXIQUE

Logo 1 Logo 2

Visible y no = Seen and unseen (notice nᵒ 5443)

détails MARC
000 -Sello discográfico
campo de control de longitud fija 00871nam0a2200289 4500
005 - Identificación de versión
campo de control 20251017062710.0
035 ## - Otros números de control del sistema
Número de control del sistema 32879
099 ## - fechas locales
Tipo de ítem Koha LIBRO
100 ## - Datos de procesamiento general
Datos de procesamiento general 20111201d2008 m y0spay5003 ba
101 1# - Idioma del recurso
Idioma del texto, banda sonora, etc. Español; Castellano
-- Inglés
105 ## - Campo de datos codificados: Material textual, monográfico
Datos codificados de monografía y 001gy
200 1# - Título y mención de responsabilidad
Título propio Visible y no = Seen and unseen
Designación general del material texto impreso
Primer mención de responsabilidad Elsa Cross
Declaración de responsabilidad subsiguiente traducción John Oliver Simon
205 ## - Declaración de edición
Declaración de edición 1a ed
210 ## - Publicación, distribución, etc.
Lugar de publicación, distribución, etc. México
Nombre del editor, distribuidor, etc. Ediciones Sin Nombre
Fecha de publicación, distribución, etc. 2008
215 ## - Descripción física
Designación de material específico y extensión del ítem 51 p
Dimensiones 21 cm
345 ## - Nota de información de adquisición
Fuente de adquisición/dirección de la suscripción [OBSOLETO] Donación 'Salon du Livre 2009'
410 #1 - Series
Título El Arca de Babel
606 ## - Término temático usado como materia
Elemento de entrada Poesía mexicana
Subdivisión cronológica Siglo XX
Número Koha 10
700 ## - Nombre personal - Responsabilidad primaria
Elemento de entrada Cross y Anzaldúa
Parte del nombre distinta del elemento de entrada Elsa María
Fechas 1946-
Número Koha 1100
702 ## - Nombre personal - Responsabilidad secundaria
Elemento de entrada Simon
Parte del nombre distinta del elemento de entrada John Oliver
Fechas 1942-
Número Koha 10704
801 #0 - Fuente de origen
País FR
Agencia cm
Reglas de catalogación (convenciones descriptivas) AFNOR
900 ## -
-- 1/20906
942 ## - ELEMENTOS DE ENTRADA SECUNDARIOS (KOHA)
Tipo de ítem Koha Livre
996 ## -
-- MEX
-- 751145101
-- MMAG
-- 000828
-- 861.64 C951V
-- 20111201LIV
Exemplaires
Estatus retirado Estado de daño Estado de pérdida Fecha de adquisición Biblioteca de origen Biblioteca actual Ubicación en estantería Código de barras Precio de reemplazo Signatura topográfica completa No para préstamo Tipo de ítem Koha Nota pública Nota no pública
      05/08/2025 Casa México Paris Casa México Paris   000828 05/08/2025 861.64 C951V   Livre 20111201LIV 751145101